| 000 | 00473cam a2200157 a 4500 | ||
|---|---|---|---|
| 020 | _a9780268044152 (cloth : alk. paper) | ||
| 020 | _a0268044155 (cloth : alk. paper) | ||
| 041 | _aENG | ||
| 082 | 0 | 0 |
_a297.12261 _bWAG |
| 100 | 1 | _aWagner, Walter H., | |
| 245 | 1 | 0 | _aOpening the Qur'an : |
| 260 |
_aNotre Dame, Ind. : _bUniversity of Notre Dame Press, _cc2008. |
||
| 300 | _axix, 547 p. ; | ||
| 856 | 4 | 1 | _uhttp://www.loc.gov/catdir/toc/ecip0821/2008027221.html |
| 942 | _cBK | ||
| 999 |
_c22408 _d22408 |
||